Statistics for Top 10 Biggest Cities In Senegal

Click here to take the quiz!

General Stats

  • This quiz has been taken 73 times
  • The average score is 4 of 10

Answer Stats

RankPopulationAnswer% Correct
#12,476,400Dakar
100%
#4320,000Thiès
57%
#6176,000Saint-Louis
51%
#3529,176Touba
49%
#8159,778Ziguinchor
35%
#7172,305Kaolack
33%
#1078,800Tambacounda
24%
#2874,062Pikine
20%
#9100,289Tiébo
4%
#5252,320Thiès Nones
2%

Score Distribution

Percentile by Number Answered

Percent of People with Each Score

Your Score History

You have not taken this quiz